000 00911nam a22003017i 4500
003 DO-SdBNP
005 20230606090843.0
007 ta
008 221020b2022 dr ||||| |||| 00| 0 spa d
020 _a9789945636154
040 _aDO-SdBNP
_bspa
_cBNPHU
_erda
082 4 _bT153d
_222
111 _972688
245 1 0 _aLas 10c del emprendimiento /
_cIndiana Tamarez Mañana
246 1 3 _aLas diez c del emprendimiento
264 _aSanto Domingo :
_bBien-Etre Editorial,
_c2022
300 _a202 paginas :
_bilustrado ;
_c26 cm.
336 _2rdacontent
_atexto
_btxt
337 _2rdamedia
_asin mediación
_bn
338 _2rdacarrier
_avolumen
_bnc
590 _aInventariado, 2023/DG
611 2 4 _aFeria internacional del libro
_n(17ª :
_d2014 :
_cSanto Domingo, Republica Dominicana)
_xProgramas
_972689
650 _955292
650 _972690
650 4 _933375
910 _aDG
942 _2ddc
_cLBS1
999 _c53726
_d53726